Flags of Palauan Regions - Statistics

General Stats
  • This quiz has been taken 19 times
  • The average score is 6 of 16
Answer Stats
Picture Answer % Correct
Peleliu
89%
Koror
67%
Melekeok
50%
Airai
39%
Sonsorol
39%
Angaur
33%
Hatohobei
33%
Kayangel
33%
Aimeliik
28%
Ngaraard
28%
Ngatpang
28%
Ngchesar
28%
Ngiwal
28%
Ngarchelong
22%
Ngardmau
22%
Ngeremlengui
22%
No matching quizzes found
Score Distribution
Percent of People with Each Score
Percentile by Number Answered
Your Score History
You have not taken this quiz